|
|
|
|
| LEADER |
01732nam a2200493 i 4500 |
| 001 |
nkc20253676729 |
| 003 |
CZ PrNK |
| 005 |
20260507113909.0 |
| 007 |
ta |
| 008 |
250313s2024 xr a f 000 0 eng |
| 015 |
|
|
|a cnb003676729
|
| 020 |
|
|
|a 978-80-7612-722-7
|q (brožováno)
|z 978-80-7612-72-7
|
| 035 |
|
|
|a (OCoLC)1519102209
|
| 040 |
|
|
|a OLA001
|b cze
|e rda
|
| 072 |
|
7 |
|a 331
|x Práce
|2 Konspekt
|9 4
|
| 080 |
|
|
|a 658:[004:316.422]
|2 MRF
|
| 080 |
|
|
|a 004:331.542
|2 MRF
|
| 080 |
|
|
|a 331.2/.4
|2 MRF
|
| 080 |
|
|
|a 331.106
|2 MRF
|
| 080 |
|
|
|a (048.8)
|2 MRF
|
| 100 |
1 |
|
|a Hlásny, Marek
|7 mzk20251278360
|4 aut
|
| 245 |
1 |
0 |
|a Work expectations of employers from employees in the IT sector in the digital era /
|c Marek Hlásny
|
| 264 |
|
1 |
|a České Budějovice :
|b Nová Forma,
|c 2024
|
| 300 |
|
|
|a 101 stran :
|b ilustrace (převážně barevné) ;
|c 21 cm
|
| 336 |
|
|
|a text
|b txt
|2 rdacontent
|
| 337 |
|
|
|a bez média
|b n
|2 rdamedia
|
| 338 |
|
|
|a svazek
|b nc
|2 rdacarrier
|
| 500 |
|
|
|a 100 výtisků
|
| 504 |
|
|
|a Obsahuje bibliografii a bibliografické odkazy
|
| 650 |
0 |
7 |
|a digitální transformace
|7 ph1166865
|2 czenas
|
| 650 |
0 |
7 |
|a IT profese
|7 ph441082
|2 czenas
|
| 650 |
0 |
7 |
|a pracovní podmínky
|7 ph486123
|2 czenas
|
| 650 |
0 |
7 |
|a pracovněprávní vztahy
|7 ph124524
|2 czenas
|
| 650 |
0 |
9 |
|a digital transformation
|2 eczenas
|
| 650 |
0 |
9 |
|a IT professions
|2 eczenas
|
| 650 |
0 |
9 |
|a working conditions
|2 eczenas
|
| 650 |
0 |
9 |
|a labor-law relations
|2 eczenas
|
| 655 |
|
7 |
|a monografie
|7 fd132842
|2 czenas
|
| 655 |
|
9 |
|a monographs
|2 eczenas
|
| 910 |
2 |
|
|a BOA001
|b 2-1542.232
|
| 990 |
|
|
|a BK
|
| 995 |
|
|
|a 01
|
| 991 |
|
|
|b 202503
|c NOV
|
| 996 |
6 |
|
|b 2610998667
|c 2-1542.232
|l MZK
|r Sklad / do 1 hodiny
|n 0
|p p.v.
|w 001999354
|u 000010
|a 1
|e BOA001
|j MZK50
|s P
|